000 00254nam a22001097a 4500
082 _a576 LIN'P
100 _aLINDAY, E. M
_980146
245 _aPRACTICAL INTRODUCTIONTO MICROBIOLOGY
260 _aLONDON
_bE & F SPAN
_c1962
300 _a227P
942 _cBK
999 _c585108
_d585108